El hombre del Renacimiento
Salvato in:
| Autore principale: | |
|---|---|
| Natura: | Libro |
| Lingua: | spagnolo |
| Pubblicazione: |
Barcelona
Península
1980
|
| Serie: | Historia, Ciencia, Sociedad, 164
|
| Soggetti: | |
| Tags: |
Aggiungi Tag
Nessun Tag, puoi essere il primo ad aggiungerne!!
|
MARC
| LEADER | 00000nam a2200000 a 4500 | ||
|---|---|---|---|
| 001 | UCX2935 | ||
| 003 | CL-VaPUC | ||
| 008 | 910909e19800000SP |||||||||||||||||spa|d | ||
| 082 | 0 | 4 | |a 940.21 |b HEL |2 21 |
| 100 | |a Heller, Agnes |e author |9 586981 | ||
| 245 | 1 | 3 | |a El hombre del Renacimiento |
| 300 | |a 458 p | ||
| 942 | |c BK | ||
| 945 | |d 19910909 00:00:00 | ||
| 260 | |a Barcelona |b Península |c 1980 | ||
| 650 | 7 | |a RENACIMIENTO CIVILIZACION |2 CL-VaPUC |9 319045 | |
| 650 | 0 | |a Vida intelectual |y Siglo 15-16 |9 319046 | |
| 651 | 0 | |a Europa |9 255156 | |
| 583 | |a last modification |c 19910909 00:00:00 |k Rodrigo Vera | ||
| 490 | 0 | |a Historia, Ciencia, Sociedad, 164 | |
| 999 | |c 223835 |d 223833 | ||
| 952 | |0 0 |1 0 |4 0 |6 940_210000000000000_HEL_1980 |7 0 |8 A |9 220045 |a BIBHIS |b BIBHIS |d 2019-11-15 |i 2887185 |o 940.21 HEL 1980 |p 2887185 |r 2025-01-20 |w 2019-11-15 |y BK |k HIS | ||